| 000 | 01378nam2a2200289 4500 | ||
|---|---|---|---|
| 001 | RU\NLR\bibl\9192 | ||
| 005 | 20250615010749.0 | ||
| 010 |
_a5-88738-015-2 _9350 |
||
| 021 |
_aRU _b98-12466 _9587 |
||
| 035 | _a(NLR Aleph) 000008988 | ||
| 090 |
_a29057 _c29057 |
||
| 100 | _a19981203d1996 |||y0rusy50 ca | ||
| 101 | 0 | _arus | |
| 102 | _aRU | ||
| 105 | _a||||||||||||| | ||
| 200 | 0 | _aТ.1 | |
| 210 |
_d1996 _aБ. м. |
||
| 215 |
_a[2],394 с. _cил. |
||
| 320 | _aБиблиогр. в конце докл. | ||
| 461 | 0 |
_1001RU\NLR\bibl\9664 _12001#$aXV совещание по ускорителям заряженных частиц, Протвино, 22-24 октября 1996 года$vТ.1 _930898 _aСовещание по ускорителям заряженных частиц (13 ; 1992 ; Дубна) _cПротвино _d1996 _nИн-т физики высоких энергий _oСб. докл. : В 2-х т. _tXV совещание по ускорителям заряженных частиц, Протвино, 22-24 октября 1996 года _y5-88738-014-4 _vТ.1 |
|
| 606 | 0 |
_aУскорители заряженных частиц _jСъезды, совещания и т.п. _9912081 _3RU\NLR\auth\6613595 |
|
| 686 | _aВ381.1я431(2) | ||
| 801 | 0 |
_aRU _bNLR _c19981203 _gPSBO |
|
| 801 | 1 |
_aRU _bNLR _c19981203 |
|
| 852 |
_aNLR _j98-8/446 |
||
| 942 | _cBOOK | ||
| 980 | _aNB | ||